Наставники; Коридоры власти: Романы. Пер. с англ.

Manylion Llyfryddiaeth
Prif Awdur: Сноу Ч. П. Чарльз Перси
Awduron Eraill: Ивашева В. (автор предисловия)
Iaith:Rwseg
Cyhoeddwyd: Москва, Прогресс, 1981
Pynciau:
Fformat: Llyfr
KOHA link:https://koha.lib.tpu.ru/cgi-bin/koha/opac-detail.pl?biblionumber=129538

MARC

LEADER 00000nam0a2200000 4500
001 129538
005 20231101220202.0
020 |a RU  |b 81-73320 
035 |a (RuTPU)RU\TPU\book\140202 
090 |a 129538 
100 |a 20080124d1981 m y0rusy5003 ca 
101 1 |a rus  |c eng 
102 |a RU 
105 |a y z 000ay 
200 1 |a Наставники; Коридоры власти  |e Романы. Пер. с англ.  |f Ч. П. Сноу  |g авт. предисл. В. Ивашева 
210 |a Москва  |c Прогресс  |d 1981 
215 |a 696 с.  |d 21 см. 
606 1 |a Английская литература  |2 stltpush  |3 (RuTPU)RU\TPU\subj\29042  |9 52454 
610 1 |a Англия 
610 1 |a 20 век 
610 1 |a романы 
675 |a 82  |z rus  |v 3 
700 1 |a Сноу  |b Ч. П.  |g Чарльз Перси  |4 070 
702 1 |a Ивашева  |b В.  |4 080 
801 0 |a RU  |b RuMRKP  |c 19950704  |g psbo 
801 1 |a RU  |b 63413507  |c 20080124  |g PSBO 
801 2 |a RU  |b 63413507  |c 20080303  |g PSBO 
942 |c BK